El dinamismo en la obra de Pereda / (Record no. 116762)

MARC details
000 -LEADER
campo de control de longitud fija 00661nam a2200193 i 4500
001 - NÚMERO DE CONTROL
campo de control 116762
003 - IDENTIFICADOR DE NÚMERO DE CONTROL
campo de control ES-MaACL
005 - FECHA Y HORA DE LA ÚLTIMA TRANSACCIÓN
campo de control 20240520134853.0
007 - CAMPO FIJO DE DESCRIPCIÓN FÍSICA--INFORMACIÓN GENERAL
campo de control de longitud fija t|
008 - DATOS DE LONGITUD FIJA--INFORMACIÓN GENERAL
campo de control de longitud fija 061121s1936 sp |||| | spa d
100 1# - ENTRADA PRINCIPAL--NOMBRE DE PERSONA
Nombre de persona Outzen, Gerda.
9 (RLIN) 87988
245 13 - MENCIÓN DEL TÍTULO
Título El dinamismo en la obra de Pereda /
Mención de responsabilidad, etc. Gerda Outzen ; traducción del alemán por María Fernanda de Pereda y Torres Quevedo.
260 ## - PUBLICACIÓN, DISTRIBUCIÓN, ETC.
Lugar de publicación, distribución, etc. Santander :
Nombre del editor, distribuidor, etc. J. Martínez,
Fecha de publicación, distribución, etc. 1936.
300 ## - DESCRIPCIÓN FÍSICA
Extensión 245 p. ;
Dimensiones 13 cm.
600 14 - PUNTO DE ACCESO ADICIONAL DE MATERIA--NOMBRE DE PERSONA
Nombre de persona Pereda, José María de,
Fechas asociadas al nombre 1833-1906
Subdivisión general Crítica e interpretación
9 (RLIN) 90448
700 1# - ENTRADA AGREGADA--NOMBRE PERSONAL
Nombre de persona Pereda, María Fernanda de.
9 (RLIN) 90451
852 ## - LOCALIZACIÓN
Ubicación ES-MaACL
Número de control de estantería A-4673
Holdings
Estatus retirado Estado de pérdida Estado de daño No para préstamo Biblioteca de origen Biblioteca actual Ubicación en estantería Fecha de adquisición Fuente de adquisición Total de préstamos Signatura topográfica completa Código de barras Visto por última vez Precio de reemplazo Tipo de ítem Koha
        Biblioteca del Ateneo de Madrid Biblioteca del Ateneo de Madrid Sala Pecera Planta 1 17/01/2008     A-4673 1121749 23/02/2023 23/02/2023 Libro impreso